00560nam a2200169 a 450000100100000000500170001000800410002704000250006808200140009324500480010725000120015526000430016730000210021050400300023195201120026199900170037300004040720201002034119.0130823s1975 mx 000 0 spa d aDO-SdBNPbspacBNPHU axxxxbxxx00aGuía para la presentación de proyectos. a3a. ed. aMéxico :bSiglo XXI Editores,c1975. a230 p. ;c23 cm. aBibliográfia p: 226-230 001050718MOaGRbGRcCTd2013-08-23iLF1l0oxxxx xxxp40407-10r2020-06-25w2020-06-25y1ZNo se presta c39897d39897